书目信息 |
| 题名: |
现代市场营销学
|
|
| 作者: | 陈水芬 , 余丽 , 叶枫 编著 | |
| 分册: | ||
| 出版信息: | 杭州 浙江大学出版社 1995.12 |
|
| 页数: | 353页 | |
| 开本: | 32开 | |
| 丛书名: | ||
| 单 册: | ||
| 中图分类: | F713.50 | |
| 科图分类: | ||
| 主题词: | 商业经济--国内 | |
| 电子资源: | ||
| ISBN: | 7-308-01645-5 | |
| 000 | 00648nam0 2200217 45 | |
| 001 | 0010061692 | |
| 005 | 20001006160504.7 | |
| 010 | @a7-308-01645-5@d14.00元 | |
| 100 | @a20001006d1995 km y0chiy0120 ea | |
| 101 | 0 | @achi |
| 105 | @a z 000yy | |
| 200 | 1 | @a现代市场营销学@AXian Dai Shi Chang Ying Xiao Xue@f陈水芬,余丽,叶枫编著@FChen Shui Fen,Yu Li,Ye Feng Bian Zhu |
| 210 | @a杭州@c浙江大学出版社@d1995.12 | |
| 215 | @a353页@d32开 | |
| 606 | 0 | @a商业经济@x国内 |
| 690 | @aF713.50@v3 | |
| 701 | 0 | @a陈水芬@4编著 |
| 701 | 0 | @a余丽@4编著 |
| 701 | 0 | @a叶枫@4编著 |
| 801 | @aCN@bPftUser@c20001006 | |
| 905 | @b168395-399@dF713.50@eSH253@f5 | |
| 现代市场营销学/陈水芬,余丽,叶枫编著.-杭州:浙江大学出版社,1995.12 |
| 353页;32开 |
| ISBN 7-308-01645-5:14.00元 |
| ● |
| 相关链接 |
|
|
|
正题名:现代市场营销学
索取号:F713.50/SH253
 
预约/预借
| 序号 | 登录号 | 条形码 | 馆藏地/架位号 | 状态 | 备注 |
| 1 | 168395 | 201683954 | 社科库409/409社科库 43排6列1层/ [索取号:F713.50/SH253] | 在馆 | |
| 2 | 168396 | 201683963 | 社科库409/409社科库 43排6列1层/ [索取号:F713.50/SH253] | 在馆 | |
| 3 | 168397 | 201683972 | 社科库409/409社科库 40排5列4层/ [索取号:F713.50/SH253] | 在馆 | |
| 4 | 168398 | 201683981 | 社科库409/409社科库 43排6列1层/ [索取号:F713.50/SH253] | 在馆 | |
| 5 | 168399 | 201683990 | 社科库409/409社科库 43排6列1层/ [索取号:F713.50/SH253] | 在馆 |